Homonyms Quiz #7 - Statistics

General Stats
  • This quiz has been taken 36,107 times
  • The average score is 12 of 20
Answer Stats
Meaning #1 Meaning #2 Answer % Correct
Part of a tree Dog's noise Bark
92%
Wooden shoe To block or congest Clog
84%
Finger or toe Numeral Digit
83%
British sport Type of insect Cricket
80%
Set of stairs Air journey Flight
77%
Hasty Skin irritation Rash
74%
Ghost Liquor Spirit
66%
To trim a bush Dried plum Prune
64%
Severe; grim The rear of a boat Stern
59%
Group of ships Swift Fleet
58%
To slap Slang for heroin Smack
52%
Mathematical operation Group of about 10,000 troops Division
49%
To polish Very muscular Buff
48%
To make a spastic movement Inconsiderate person Jerk
48%
Large amount of money Good luck Fortune
44%
To extinguish a candle Finely-ground tobacco Snuff
44%
Periodical Place for storing ammunition Magazine
42%
State of inactivity Remainder Rest
36%
Baby bird's noise To look furtively Peep
35%
Gulf A reddish-brown color in horses Bay
31%
No matching quizzes found
Score Distribution
Percent of People with Each Score
Percentile by Number Answered
Your Score History
You have not taken this quiz